000 00438nam a22001577a 4500
003 BD-ChCU
005 20260112140850.0
008 260112b bg ||||| |||| 00| 0 ben d
040 _cBD-ChCU
082 _a297.993 SUH
100 _aSulaiman Nadvi , Allama Syed .
_919047
245 _aHeroic deeds of Muslim woman ./
_cAllama Syed , Sulaiman Nadvi .
_h
260 _aLahore :
_bAshraf ,
_cC 1967
300 _a65p
942 _2ddc
_cBK
_n0
999 _c110940
_d110940